00622cam a2200193 a 450000100100000000500170001000800410002702000150006804000250008308200150010810000220012324501200014526000550026530000240032050000310034465000150037565000110039070000270040100001584720200929164156.0930506s1992 pn 000 0 spa  a9806084896 aDO-SdBNPbspacBNPHU a110bH233c1 aHanaranda, Mulla.10aCábriba :bel jardín de los dioses /cMulla Hanaranda ; traducido al castellano y editado por Jorge A. Carrizo. aPanamá :bGrupo Metafísico Serapis Bey,c1992. ax, 295 p. ;c23 cm. aTítulo original Cabriba. 4aMetafisica 4aDioses1 aCarrizo, Jorge A.etr.